Gary Anderson Titles - Statistics

General Stats
  • This quiz has been taken 17 times
  • The average score is 8 of 13
Answer Stats
Hint Answer % Correct
2019 with Peter Wright World Cup of Darts
100%
2011 + 2015 Premier League
92%
2015 + 2016 World Championship
92%
2018 World Matchplay
92%
2018 UK Open
75%
2016 + 2017 Dubai Darts Master
67%
2016 Japan Darts Master
58%
2017 Perth Darts Master
50%
2014 Players Championship Finals
50%
2018 U.S Darts Master
50%
34x Sieger Pro-Tour Events
42%
2014 German Darts Championship
33%
2016 Auckland Darts Masters
25%
No matching quizzes found
Score Distribution
Percent of People with Each Score
Percentile by Number Answered
Your Score History
You have not taken this quiz